000 00448nam a2200181Ia 4500
001 4627
005 20260306145810.0
008 260306t1987||||xx |||||||||||||| ||spa||
041 _aESP
082 _a327.8573
_bR38
100 _aFerrero Costa Eduardo (ed.)
_eAUT
245 0 _aRelaciones del Perú con los Estados Unidos
260 _c1987
300 _a391 páginas :
_c20 cm.
650 _aGEN
654 _aCHU
942 _cLIB
_dJUS
_fJUS
_2ddc
_n
999 _c4627
_d4627